000 00270nam a22001217a 4500
008 170127b xxu||||| |||| 00| 0 eng d
041 _aeng
080 _a61
100 _a3
101 _aSHM
245 _aTECHNICAL METHODS AND PROCEDURES
_cHUESTIS, D.W
942 _2udc
_cBK
999 _c3847
_d3847